000 00419nam a2200181Ia 4500
003 0100
008 130303s9999 xx 000 0 und d
040 _cARRUPELIB
050 _aBX2200.R52
100 _aRiga, Peter J
245 _aSign and symbol of the invisible God
245 _bessays on the sacraments today
260 _aNotre Dame IN
260 _bFides
260 _C1971
300 _a89p
942 0 0 _01
999 _c33061
_d33061